Score 0/30 Timer 05:00
0 Plays Today
% Correct
Own
96.8%
Once
96.6%
Orange
96.5%
Output
96.4%
Oxide
96.4%
Obsessive
96%
Odor
95.8%
Over
95.6%
Old
95.4%
One
93.4%
Obstetrics
93.2%
Officer
92.4%
Office
92.1%
Operating
91%
Operandi
90.8%
% Correct
Orbit
90.4%
Organism
90.4%
Oral
89.7%
Oyster
88.2%
Olympic
87%
Organization
86.8%
Opportunity
86%
Online
84%
Occupational
82.4%
Optical
66.4%
Ordinary
65.5%
Oriented
64.8%
Original
51.1%
Ordnance
45.6%
Organic
34.5%
Remove Ads.
Support Sporcle.
Get the best of Sporcle when you Go Orange. This ad-free experience offers more features, more stats, and more fun while also helping to support Sporcle. Thank you for becoming a member.

You're not logged in!

Compare scores with friends on all Sporcle quizzes.
OR
Log In

Show Comments

Extras

Top Quizzes Today


Score Distribution

Your Account Isn't Verified!

In order to create a playlist on Sporcle, you need to verify the email address you used during registration. Go to your Sporcle Settings to finish the process.

Report this User

Report this user for behavior that violates our Community Guidelines.

Details: